The embattled colossus : Economic nationalism and United States investors in Latin America
সংরক্ষণ করুন:
| প্রধান লেখক: | |
|---|---|
| বিন্যাস: | গ্রন্থ |
| ভাষা: | Undetermined |
| প্রকাশিত: |
Gainesville
University Presses of Florida
1976
|
| বিষয়গুলি: | |
| ট্যাগগুলো: |
ট্যাগ যুক্ত করুন
কোনো ট্যাগ নেই, প্রথমজন হিসাবে ট্যাগ করুন!
|
| Thư viện lưu trữ: | Trung tâm Học liệu Trường Đại học Cần Thơ |
|---|
| LEADER | 00582nam a2200193Ia 4500 | ||
|---|---|---|---|
| 001 | CTU_82130 | ||
| 008 | 210402s9999 xx 000 0 und d | ||
| 082 | |a 332.673 | ||
| 082 | |b S972 | ||
| 100 | |a Swansbrough, Robert H. | ||
| 245 | 4 | |a The embattled colossus : | |
| 245 | 0 | |b Economic nationalism and United States investors in Latin America | |
| 245 | 0 | |c Robert H. Swansbrough | |
| 260 | |a Gainesville | ||
| 260 | |b University Presses of Florida | ||
| 260 | |c 1976 | ||
| 650 | |a Investments | ||
| 904 | |i Trọng Hải | ||
| 980 | |a Trung tâm Học liệu Trường Đại học Cần Thơ | ||